Quizzes
Events
Quiz Creation
Community
Videos
Private Events
Remove Ads
Sign In
Join for FREE
Feedback
Dark Mode
Quiz Categories
Sports
Geography
Music
Movies
Television
Just For Fun
Miscellaneous
History
Literature
Language
Science
Gaming
Entertainment
Religion
Holiday
For Kids
Quiz Lab
Recent
Popular Today
Quiz Kudos Today
Editor Picks
Curator Picks
Quizzes by...
Day
Popularity
Type
Ratings
Length
Year
Community
Subscriptions
Recent Discussions
Orange Saloon
Badges
Playlists
Quests
Create
Leaderboards
Showdown
Live 5
Trivia Bingo
Activity
Puzzle Library
Sporcle Events
Private Events
Virtual Trivia
Globe League
Become a Host
Pub Owners
SporcleCon
Opinionation
Our Games
Videos
Blog
Mobile Apps
Partnerships
Remove Ads and Go Orange
Feedback
Geography
Country
Landmarks
City
State
Population
World
Capital
Continent
Flags
Europe
Africa
Asia
South America
North America
Oceania
Border
Canada
United Kingdom
Topography
United States
Geography
Country
Landmarks
City
State
Population
World
Capital
Continent
Flags
Europe
Africa
Asia
South America
North America
Oceania
Border
Canada
United Kingdom
Topography
United States
Random Quiz
Search Sporcle
×
Quiz Lab
Quiz Lab
Geography
United States
Type answers based on single images at one time
Type answers based on single images at one time
Slideshow
Best Score? Go Orange.
States by National Park Stats
Can you name the US states and territories by National Park System unit?
By
onlyanorthernguy
15m
55 Questions
82 Plays
82 Plays
82 Plays
Comments
Comments
Give Quiz Kudos
Give Quiz Kudos
-
- Ratings
hide this ad
More Info
Replay
Link that replays current quiz
Next Quiz
Link to next quiz in quiz playlist
You Got
0%
They Got
Avg Score
67%
Avg Friend Score
Upgrade to see
Score Distribution
Jump to the score distribution portion of the page
Score
0/55
Timer
15:00
0
Plays Today
% Correct
Alaska
96.3%
Texas
95.1%
Missouri
93.9%
South Dakota
91.5%
California
90.2%
American Samoa
89%
New Mexico
87.8%
District of Columbia
85.4%
North Carolina
85.4%
Hawaii
84.1%
Massachusetts
82.9%
Louisiana
82.9%
Utah
81.7%
Florida
80.5%
Wyoming
79.3%
Montana
79.3%
Washington
79.3%
Illinois
78%
Puerto Rico
78%
Maine
76.8%
South Carolina
75.6%
Arizona
75.6%
Oregon
75.6%
Guam
74.4%
Idaho
72%
North Dakota
72%
Indiana
70.7%
Kentucky
70.7%
% Correct
Georgia
69.5%
Colorado
69.5%
Virginia
68.3%
Michigan
65.9%
Nebraska
65.9%
Tennessee
62.2%
Pennsylvania
62.2%
Nevada
59.8%
Iowa
58.5%
Wisconsin
57.3%
Oklahoma
56.1%
Maryland
53.7%
West Virginia
52.4%
Vermont
48.8%
New Hampshire
47.6%
Arkansas
47.6%
Kansas
47.6%
Connecticut
47.6%
New Jersey
47.6%
Mississippi
46.3%
Rhode Island
46.3%
Ohio
45.1%
New York
42.7%
Minnesota
41.5%
Alabama
37.8%
Virgin Islands
36.6%
Northern Mariana Islands
35.4%
Quiz Playlist
Details
Report
Send in Message
Add To Playlist
More Info:
There is no NPS unit entirely in Delaware.
Slideshow:
Type answers based on single images at one time
Quiz Source
Last Updated: Sep 6, 2017
Quiz Scoreboard
CHALLENGE
Sign Up to Join the Scoreboard
Show All
Scores
Hide
Comments
May contain spoilers
Recently Published
College Basketball Coaching Resumes
by pancakes188
Sports
9m
Billboard Blitz: Fleetwood Mac
by CooCooCachoo
Music
15s
Presidents Visiting Landmarks
by Hejman
History
7m
More to Explore
Quiz From the Vault
Featured Blog Post
Where Did the Easter Bunny Come From?
hide this ad
You Might Also Like...
Tags
State Quiz
United States Quiz
National Parks
Slideshow
Today's Top Quizzes in Geography
Browse Geography
hide this ad
Today's Top Quizzes in United States
Browse United States
Top Contributed Quizzes in Geography
1
Countries of the World - No Outlines Minefield
2
Top 25 Cities of France on a map
3
Any capital of a 'B' country per Continent
4
Any capital of a 'C' country per Continent
5
Closest Countries to UK A-Z
6
Any capital of a 'D' country per Continent
7
5-to-1: US Geography No Hints
8
Any capital of an 'E' country per Continent
9
Click the Alabama Counties! (Map)
10
One Thing in Common: United Kingdom
Explore More
Trending Topics
Anime
NBA
Disney
Kpop
Crossword
Harry Potter
Marvel
Pokémon
The Office
WWE
NFL
Soccer
Puzzle
Song
Country
hide this ad
More By:
onlyanorthernguy
Quiz
Plays
Rating
Category
Featured
Created
Literary Characters by Death
52,008
4.42
Literature
Aug 25, 2013
One Click Wonders
37,493
4.12
Music
Oct 23, 2013
Named Bible Books
15,619
4.56
Religion
Feb 23, 2015
10 to 1 Shooting Gallery: Language Families
1,747
4.80
Language
Mar 6, 2016
Beatlesception
1,622
4.75
Music
Sep 10, 2013
Go to Creator's Profile
Score Distribution
Quiz Creator Spotlight
onlyanorthernguy
Follow
Send a Message
Quizzes Created
-
Created Quiz Play Count
-
More By This Creator
Popular Quizzes Today
1
Find the US States - No Outlines Minefield
2
Find the Countries of Europe - No Outlines Minefield
3
The Countries of the World
4
Find the US States
5
Risky Map Clicking: Biggest States A-Z
6
US States
7
Popular People in 1961
8
Movies - When Are They Set?
More Geography Quizzes
50 Countries - 50 Unique Facts (Clickable) (Pt. 1)
Quiz Lab
Trending Quizzes
Risky Map Clicking: Least Populous States A-Z
1-10 Letter G Words
1-10 Letter F Words
Risky Map Clicking: Next State Alphabetically
Risky Map Clicking: Biggest States A-Z
Recently Updated
Leaping Animals
pecheneg
Reality TV Shows (A-Z)
bhenderson79
Rickey Henderson's Hall of Fame Teammates
pecheneg
Champions League XIs: Arsenal
pecheneg
Quick Pick: Celebrities in WWE's Hall of Fame
aduchscher
A-Z Keypad Blitz II
pecheneg
Multiple Oscar Actors
pecheneg
Mystery Phrase Blitz: Oscar 'Best Actors'
pecheneg
F. Scott Fitzgerald Novels
LTH
Pick 3 Villains
ddd62291
Trending Topics
Marvel
Harry Potter
Disney
NBA
Anime
Crossword
Kpop
Song
NFL
The Office
WWE
Country
Soccer
Pokémon
Puzzle
Your Account Isn't Verified!
In order to create a playlist on Sporcle, you need to verify the email address you used during registration. Go to your
Sporcle Settings
to finish the process.
Report this User
Report this user for behavior that violates our
Community Guidelines
.
Details:
Send Report
Go to the Sporcle.com Mobile Site →
Comments